MDQL
is popping MORE tags! Check the
thread
!
Quizzes
Events
Quiz Creation
Community
Videos
Private Events
Remove Ads
Sign In
Join for FREE
Feedback
Dark Mode
Quiz Categories
Sports
Geography
Music
Movies
Television
Just For Fun
Miscellaneous
History
Literature
Language
Science
Gaming
Entertainment
Religion
Holiday
For Kids
Quiz Lab
Recent
Popular Today
Quiz Kudos Today
Editor Picks
Curator Picks
Quizzes by...
Day
Popularity
Type
Ratings
Length
Year
Community
Subscriptions
Recent Discussions
Orange Saloon
Badges
Playlists
Quests
Create
Leaderboards
Showdown
Live 5
Trivia Bingo
Activity
Puzzle Library
Sporcle Events
Private Events
Virtual Trivia
Globe League
Become a Host
Pub Owners
SporcleCon
Opinionation
Our Games
Videos
Blog
Mobile Apps
Partnerships
Remove Ads and Go Orange
Feedback
Sports
Athletes
MLB
NBA
NHL
NFL
Soccer
Sports Teams
WWE
NCAA
Football
Premier League
Basketball
Baseball
Hockey
Golf
Tennis
Cricket
Rugby
Auto Racing
Olympics
World Cup
Sports
Athletes
MLB
NBA
NHL
NFL
Soccer
Sports Teams
WWE
NCAA
Football
Premier League
Basketball
Baseball
Hockey
Golf
Tennis
Cricket
Rugby
Auto Racing
Olympics
World Cup
Random Quiz
Search Sporcle
×
Quiz Lab
Quiz Lab
Sports
Football
Type in answers that appear in a list
Type in answers that appear in a list
Classic
Best Score? Go Orange.
NFL Team By Kick Returner Stats
Can you name the NFL Teams By Kick Returner?
By
Grant692
3m
32 Questions
184 Plays
184 Plays
184 Plays
Comments
Comments
Give Quiz Kudos
Give Quiz Kudos
-
- Ratings
hide this ad
Forced Order
Answers have to be entered in order
Answers have to be entered in order
Replay
Link that replays current quiz
Next Quiz
Link to next quiz in quiz playlist
You Got
0%
They Got
Avg Score
48%
Avg Friend Score
Upgrade to see
Score Distribution
Jump to the score distribution portion of the page
Score
0/32
Timer
03:00
0
Plays Today
Kick Returner
NFL Team
% Correct
Johnny Knox
Chicago Bears
88%
Josh Cribbs
Cleveland Browns
87%
Darren Sproles
San Diego Chargers
83.2%
Eddie Royal
Denver Broncos
79.9%
Steve Slaton
Houston Texans
79.3%
Percy Harvin
Minnesota Vikings
66.3%
Leon Washington
Seattle Seahawks
64.7%
Felix Jones
Dallas Cowboys
59.2%
Brad Smith
New York Jets
58.7%
Brandon Jackson
Green Bay Packers
54.3%
Lerod Stephens-
Howling
Arizona Cardinals
53.3%
Leodis McKelvin
Buffalo Bills
52.7%
Bernard Scott
Cincinnati Bengals
52.7%
Brandon Tate
New England Patriots
50.5%
Jacoby Ford
Oakland Raiders
48.9%
Antonio Brown
Pittsburgh Steelers
47.8%
Kick Returner
NFL Team
% Correct
Ellis Hobbs
Philadelphia Eagles
45.7%
Javier Arenas
Kansas City Chiefs
40.8%
Devin Thomas
Washington Redskins
39.7%
Mardy Gilyard
Saint Louis Rams
38%
Dominique Zeigler
San Francisco '49ers
37%
DJ Ware
New York Giants
35.9%
Eric Weems
Atlanta Falcons
35.9%
Courtney Roby
New Orleans Saints
33.7%
Michael Spurlock
Tampa Bay Buccaneers
29.9%
Jalen Parmele
Baltimore Ravens
28.8%
Deji Karim
Jacksonville Jaguars
28.8%
Damian Williams
Tennessee Titans
28.8%
Nolan Carroll
Miami Dolphins
26.6%
Devin Moore
Indianapolis Colts
26.6%
Aaron Brown
Detroit Lions
23.4%
Tyrell Sutton
Carolina Panthers
22.3%
Quiz Playlist
Details
Report
Send in Message
Add To Playlist
Classic:
Type in answers that appear in a list
Forced Order:
Answers have to be entered in order
Quiz Source
Last Updated: Feb 16, 2017
Quiz Scoreboard
CHALLENGE
Sign Up to Join the Scoreboard
Show All
Scores
Hide
Comments
May contain spoilers
Recently Published
1-10 Letter E Words III
by El_Dandy
Language
2m
Street Fighter Characters
by Artimus82
Gaming
60s
College Basketball Coaching Resumes
by pancakes188
Sports
9m
More to Explore
Quiz From the Vault
Featured Blog Post
Where Did the Easter Bunny Come From?
hide this ad
You Might Also Like...
Tags
Football Quiz
NFL Quiz
kick
Kick Return
Return
Returner
Today's Top Quizzes in Sports
Browse Sports
hide this ad
Today's Top Quizzes in Football
Browse Football
Top Contributed Quizzes in Sports
1
2022 World Cup Stars
2
Les meilleurs buteurs des matchs entre le PSG et l’OM
3
FIFA Club World Cup Champions
4
Les entraîneurs de l'OM et du PSG au 21e siècle
5
Criteria MLB: Left Handed Sluggers
6
2023 MLB Unique Player Accomplishments
7
AFC Teams Reveal (Wrong Answers Minefield)
8
Players with Multiple 50 Home Run Seasons
9
5-to-1: FBS Animal Nicknames
10
5-to-1: UK Sports Teams
Explore More
Trending Topics
Disney
Marvel
NBA
Kpop
Crossword
Harry Potter
Anime
Song
Pokémon
NFL
Soccer
Country
WWE
The Office
Puzzle
hide this ad
More By:
Grant692
Quiz
Plays
Rating
Category
Featured
Created
Former Governor US Presidents
95,582
4.46
History
Oct 19, 2009
D Words That End A-Z
72,586
3.81
Language
Jan 9, 2010
Athletes First Names (Tennis)
4,280
4.13
Sports
May 24, 2010
A-Z NBA Assist Leaders
682
4.25
Sports
Oct 16, 2009
A-Z NBA Rebound Leaders
415
4.00
Sports
Oct 16, 2009
Go to Creator's Profile
Score Distribution
Quiz Creator Spotlight
Grant692
Follow
Send a Message
Quizzes Created
-
Created Quiz Play Count
-
More By This Creator
Popular Quizzes Today
1
Find the US States - No Outlines Minefield
2
Find the Countries of Europe - No Outlines Minefield
3
Find the US States
4
The Countries of the World
5
Risky Map Clicking: Biggest States A-Z
6
US States
7
Popular People in 1961
8
Movies - When Are They Set?
More Sports Quizzes
Charlotte Hornets Stat Leaders 2010s
Quiz Lab
Trending Quizzes
Risky Map Clicking: Least Populous States A-Z
1-10 Letter G Words
Countries of the World: 200 Million BC
1-10 Letter F Words
Risky Map Clicking: Next State Alphabetically
Recently Updated
Largest US Cities 1790-2010
pecheneg
Rides in Walt Disney World
pecheneg
Most Oscar Losses (Acting)
pecheneg
Beyoncé Albums
pecheneg
Leaping Animals
pecheneg
Reality TV Shows (A-Z)
bhenderson79
Rickey Henderson's Hall of Fame Teammates
pecheneg
Champions League XIs: Arsenal
pecheneg
Quick Pick: Celebrities in WWE's Hall of Fame
aduchscher
A-Z Keypad Blitz II
pecheneg
Trending Topics
Harry Potter
Anime
Kpop
Marvel
Crossword
Disney
NBA
Puzzle
WWE
Pokémon
Soccer
Country
NFL
Song
The Office
Your Account Isn't Verified!
In order to create a playlist on Sporcle, you need to verify the email address you used during registration. Go to your
Sporcle Settings
to finish the process.
Report this User
Report this user for behavior that violates our
Community Guidelines
.
Details:
Send Report
Go to the Sporcle.com Mobile Site →
Comments